| 000 | 01306nac a22002531u 4500 | ||
|---|---|---|---|
| 008 | 081214t xxu||||| |||| 00| 0 eng d | ||
| 010 | _a 2005054228 | ||
| 020 | _a8126510765 | ||
| 035 | _a(OCoLC)ocm61463872 | ||
| 082 | 0 | 0 |
_a620.11 _bCAL |
| 100 |
_aCallister, William D., _94184 |
||
| 245 | 1 | 0 |
_aCallister's Materials science and engineering : _ban introduction / _cWilliam D. Callister, Jr.,With Special Contributions By David G.Rethwisch. |
| 260 |
_aNew Delhi : _bWiley India, _c2007. |
||
| 300 |
_a1 v.: _bill. ; _c27 cm. + _e1 CD-ROM (4 3/4 in.) |
||
| 500 | _aIncludes index. | ||
| 504 | _aIncludes bibliographical references and index. | ||
| 650 | 0 |
_aMaterials. _94185 |
|
| 700 |
_aRethwisch, David G. _94186 |
||
| 856 | 4 | 2 |
_3Publisher description _uhttp://www.loc.gov/catdir/enhancements/fy0625/2005054228-d.html |
| 856 | 4 | 2 |
_3Table of contents only _uhttp://www.loc.gov/catdir/enhancements/fy0625/2005054228-t.html |
| 942 |
_cBB _k620.11CAL _2ddc |
||
| 999 |
_c11413 _d11413 |
||